Introduction to mathematical programming : operations research
Αποθηκεύτηκε σε:
| Κύριος συγγραφέας: | |
|---|---|
| Άλλοι συγγραφείς: | , |
| Μορφή: | Βιβλίο |
| Γλώσσα: | English |
| Δημοσίευση: |
Pacific Grove, CA :
Brooks/Cole - Thomson Learning,
c2003
|
| Έκδοση: | 4th ed. |
| Θέματα: | |
| Ετικέτες: |
Προσθήκη ετικέτας
Δεν υπάρχουν, Καταχωρήστε ετικέτα πρώτοι!
|
MARC
| LEADER | 00000nam a2200000 i 4500 | ||
|---|---|---|---|
| 001 | 1/72969 | ||
| 008 | 050309s2003 eng d | ||
| 020 | |a 0-534-35964-7 (τ.1) | ||
| 020 | |a 0-534-42354-X (cdrom) | ||
| 035 | |l 10076967 | ||
| 040 | |a GR-MY-UA |b gre |e aacr | ||
| 041 | 0 | |a eng | |
| 082 | 0 | |a 519.7 |2 (21) | |
| 100 | 1 | |a Winston, Wayne L. | |
| 245 | 1 | 0 | |a Introduction to mathematical programming : |b operations research / |c Wayne L. Winston, Munirpallam Venkataramanan ; with cases by Jeffrey B. Goldberg |
| 250 | |a 4th ed. | ||
| 260 | |a Pacific Grove, CA : |b Brooks/Cole - Thomson Learning, |c c2003 | ||
| 300 | |a xi, 924 σ.; |b εικ.; |c 27 εκ.+ |e 1 οπτική δισκέτα λέιζερ Η/Υ (4 3/4 ίν.) | ||
| 504 | |a Περιλαμβάνει βιβλιογραφικές αναφορές και ευρετήριο | ||
| 650 | 0 | 0 | |a Programming (Mathematics) |
| 700 | 1 | |a Venkataramanan, Munirpallam. | |
| 700 | 1 | |a Goldberg, Jeffrey B. | |
| 852 | |a INST |b CHIOS |e 20050309 |h 519.7 WIN |p 005200021780 |q 005200021780 |t BK |y 0 |z τ.1 | ||
| 852 | |a INST |b CHIOS |e 20050309 |h 519.7 WIN |p 005200021785 |q 005200021785 |t BK |y 0 |z τ.1 | ||
| 852 | |a INST |b CHIOS |e 20050309 |h 519.7 WIN |p 005200021780 |q 005200021780 |t BK |v τ.1: |y 0 |z τ.1 | ||
| 852 | |a INST |b CHIOS |e 20050309 |h 519.7 WIN |p 005200021785 |q 005200021785 |t BK |v τ.1: |y 0 |z τ.1 | ||
| 852 | |a INST |b CHIOS |e 20050309 |h 519.7 WIN |p 005200021649 |q 005200021649 |t BK |v τ.1: |y 0 |z τ.1 | ||
| 852 | |a INST |b CHIOS |e 20050309 |h 519.7 WIN |p 005200021650 |q 005200021650 |t BK |v τ.1: |y 0 |z τ.1 | ||
| 852 | |a INST |b LEMNOS |e 20201026 |h 519.7 WIN |p 005600000164 |q 005600000164 |t BK |v τ.1: |y 0 | ||
| 852 | |a INST |b LEMNOS |e 20201026 |h 519.7 WIN |p 005600000197 |q 005600000197 |t BK |v τ.1: |y 0 | ||
| 853 | |a INST |b CHIOS |h 519.7 WIN | ||
| 853 | |a INST |b CHIOS |h 519.7 WIN cdrom | ||
| 853 | |a INST |b LEMNOS |h 519.7 WIN | ||
| 853 | |a INST |b LEMNOS |h 519.7 WIN cdrom | ||
| 901 | |a BIBL2-2005-1 | ||
| 901 | |a BIBL6-2009-2 | ||
| 909 | |a Χ |b 113083 | ||
| 909 | |a Χ |b 118832 | ||
| 909 | |a Χ |b 118833 | ||
| 909 | |a Χ |b 113089 | ||
| 909 | |a Μ |b 151250 | ||
| 909 | |a Μ |b 159244 | ||
| 920 | |a ΔΙΕΥΡΥΝΣΗ |b ΕΠΕΑΕΚ-ΤΜΟΔ |y ΧΙΟΣ |z 2004-12 | ||
| 922 | |a 6ΕΛΗ |b 200803 |c ΕΠΕΑΕΚ2/ΚΥΒ |d ΠΑΠΑΣΩΤΗΡΙΟΥ | ||
| 970 | |a ΣΠΕΝΤΖΑ |b ΕΛΕΝΗ |z 2005/03/09 | ||